000
00214 a2200097 4500
001
27519
100
_a
Eiselt, H.A
245
_a
Operations research handbook
260
_a
_b
Macmillan
_c
1977
090
_c
18309
_d
18309
942
_a
NUST-CAE
_c
M
_c
9235
999
_c
262592
_d
262592